| 000 | 00936nam0a22003019 4500 | ||
|---|---|---|---|
| 001 | RU\NLR\b_ik\85620 | ||
| 005 | 20250616224624.0 | ||
| 010 | _a1-85359-005-3 | ||
| 035 | _a(NLR Aleph) 002159709 | ||
| 090 |
_a2508731 _c2508731 |
||
| 100 | _a19950127d1989 |||y0rusy50 ca | ||
| 101 | 0 | _arus | |
| 102 | _aRU | ||
| 105 | _ay ||||||||| | ||
| 200 | 1 |
_aLanguage and ethnicity in minority sociolinguistic perspective _fJoshua A. Fishman |
|
| 210 |
_aClevedon; Philadelphia _cMultilingual matters _dcop. 1989 |
||
| 215 |
_aX, 717 c. _d21 |
||
| 225 | 1 |
_aMultilingual matters _v45 |
|
| 320 | _aБиблиогр. в конце глав | ||
| 606 | 0 |
_aЭтнолингвистика _2nlr-sh1 |
|
| 686 | 0 |
_aШ100.33 _2rubbk |
|
| 700 | 1 |
_aFishman _bJoshua Aron _f1926- _4070 |
|
| 801 | 0 |
_aRU _bNLR _c19950127 _gPSBO |
|
| 801 | 1 |
_aRU _bNLR _c20020528 |
|
| 852 |
_aNLR _jИк 2001-3/1025 |
||
| 942 | _cBOOK | ||
| 980 | _aNB | ||